RICS salary survey 2003 begins (Record no. 71910)

MARC details
000 -LEADER
fixed length control field 00778cam a2200193 4500
001 - CONTROL NUMBER
control field WB3902-14
008 - FIXED-LENGTH DATA ELEMENTS--GENERAL INFORMATION
fixed length control field 030114n2003 000 0 eng u
035 ## - SYSTEM CONTROL NUMBER
System control number (Sirsi) u121011
245 ## - TITLE STATEMENT
Title RICS salary survey 2003 begins
260 ## - PUBLICATION, DISTRIBUTION, ETC.
Date of publication, distribution, etc. 2003
490 ## - SERIES STATEMENT
Series statement RICS News Service
Volume/sequential designation 9 January 2003, (1)
520 ## - SUMMARY, ETC.
Summary, etc. RICS and MacDonald & Company are inviting members to respond to the latest salary and benefits survey. The research will be collected using a simple, confidential online questionnaire which is available via the RICS website, at http://www.infocorp.co.uk/scripts/inweb.dll/start/10087.vq/3646/1.
590 ## - LOCAL NOTE (RLIN)
Local note WB
650 ## - SUBJECT ADDED ENTRY--TOPICAL TERM
Topical term or geographic name entry element SALARY SURVEYS
650 ## - SUBJECT ADDED ENTRY--TOPICAL TERM
Topical term or geographic name entry element PROFESSIONAL PRACTICES
650 ## - SUBJECT ADDED ENTRY--TOPICAL TERM
Topical term or geographic name entry element RICS SALARY AND BENEFITS SURVEYS
690 ## - LOCAL SUBJECT ADDED ENTRY--TOPICAL TERM (OCLC, RLIN)
Topical term or geographic name as entry element RICS NEWS
942 ## - ADDED ENTRY ELEMENTS (KOHA)
Suppress in OPAC 0
Holdings
Withdrawn status Lost status Source of classification or shelving scheme Damaged status Not for loan Home library Current library Shelving location Date acquired Total Checkouts Full call number Barcode Date last seen Copy number Price effective from Koha item type
    Dewey Decimal Classification     London London News article 14/01/2003   WB3902-14 121011-1001 06/08/2019 1 06/08/2019 News article